000 00719nam a22002292a 4500
001 31882
003 BD-RjUL
005 20211209051748.0
008 140422s1929 enk 000 0 eng d
035 _a(BD-RjUL)31970
040 _aDLC
_cOCP
_dEQO
_dBD-RjUL
_beng
041 _aeng
082 _a201
_bMIL 1929
100 1 _aMilburn, R. G.
_q(Robert Gordon),
_d1870-
_997052
245 1 4 _aThe logic of religious thought :
_ban answer to Professor Eddington /
_cR. Gordon Milburn
260 _aLondon :
_bWilliams & Norgate, ltd,
_c1929.
300 _a165 p. ;
_c22 cm
600 1 0 _aEddington, Arthur Stanley,
_cSir,
_d1882-1944.
_921465
650 0 _aReligion
_xPhilosophy
_94031
942 _2ddc
_cBK
999 _c31882
_d31882